Le jour se leve sur la banlieu

Sparad:
Bibliografiska uppgifter
Huvudupphovsman: Quffélec, Henri
Materialtyp: Bok
Språk:Undetermined
Publicerad: París, Francia Bernard Grasset 1954
Ämnen:
Taggar: Lägg till en tagg
Inga taggar, Lägg till första taggen!

MARC

LEADER 00000nam a2200000Ia 4500
008 170316s9999 xx 000 0 und d
040 |a cru BVZT 
090 |a 840 Q-1j 
100 |a Quffélec, Henri 
245 |a Le jour se leve sur la banlieu 
260 |a París, Francia 
260 |b Bernard Grasset 
260 |c 1954 
300 |a 249 páginas 
650 |a LITERATURA FRANCESA 
999 |c 7910  |d 7910 
942 |c 15 D  |h 840 Q-1j  |2 z